| 000 | 00667nam a2200193Ia 4500 | ||
|---|---|---|---|
| 003 | GCL | ||
| 008 | 140319s9999 xx 000 0 ara d | ||
| 040 |
_aGCL / _cGCL |
||
| 082 | 0 | 4 |
_a796.4068 _bب م |
| 100 | 1 | _aبن ويدر | |
| 245 | 1 | 0 |
_aمجتمع الصحة والقوة: كمال الاجسام والقوام السليم: نظام الحياة لاجل قلب سليم / _cبن ويدر |
| 700 | 1 | _aمنير ملك المنياوى | |
| 300 | _a63 ص | ||
| 490 |
_aسلسلة براهين العلم _v0 |
||
| 650 | 0 | 4 | _aالالعاب الرياضية |
| 650 | 0 | 4 | _aالتدريب الرياضى |
| 650 | 0 | 4 | _aكمال الاجسام |
| 942 |
_2ddc _cBK |
||
| 999 |
_c49469 _d49469 |
||